Statistics for F1 Winners: Swedish Grand Prix

Click here to take the quiz!

General Stats

  • This quiz has been taken 150 times
  • The average score is 4 of 6

Answer Stats

SeasonCircuitWinner% Correct
1975AnderstorpNiki Lauda
98%
1978AnderstorpNiki Lauda
98%
1974AnderstorpJody Scheckter
63%
1976AnderstorpJody Scheckter
63%
1973AnderstorpDenny Hulme
34%
1977AnderstorpJacques Laffite
32%

Score Distribution

Percentile by Number Answered

Percent of People with Each Score

Your Score History

You have not taken this quiz